Statystyki dla Stolice innych państw kontrolowane przez Polskę

Kliknij tutaj aby rozwiązać quiz!

Ogólne statystyki

  • Ten quiz został rozwiązany 121 razy
    (49 od ostatniego zresetowania)
  • Średni wynik to 10 z 19

Statystyki odpowiedzi

DataMiasto% Poprawnych
1610-1612Moskwa
86%
1922-1939Wilno
79%
1003-1031Bratysława
77%
1919-1920Minsk
72%
1561-1621Ryga
72%
1920Kijów
67%
1569-1667Kijów
67%
1003-1004Praga
65%
1386-1793Wilno
63%
1386-1569Kijów
56%
1386-1793Mińsk
56%
1598Sztokholm
44%
1154-1157Berlin
42%
1592-1599Sztokholm
42%
1592-1599Tallin
42%
1592-1599Helsinki
40%
1387-1497 (z przerwami)Kiszyniów
40%
1396Bukareszt
28%
ok.1651-1661Bandżul
7%

Rozkład punktacji

Percentyl według liczby udzielonych odpowiedzi

Procent ludzi z każdym wynikiem

Twoja historia wyników

Nie rozwiązałeś tego quizu od ostatniego zresetowania